All pain, no gain (Record no. 79905)
[ view plain ]
| 000 -LEADER | |
|---|---|
| fixed length control field | 01118cab a22001935a 4500 |
| 001 - CONTROL NUMBER | |
| control field | L142667 |
| 008 - FIXED-LENGTH DATA ELEMENTS--GENERAL INFORMATION | |
| fixed length control field | 080213e20080222xxka f 000 0 eng d |
| 035 ## - SYSTEM CONTROL NUMBER | |
| System control number | (Sirsi) u142667 |
| 041 0# - LANGUAGE CODE | |
| Language code of text/sound track or separate title | eng |
| 100 1# - MAIN ENTRY--PERSONAL NAME | |
| Personal name | Watson, Stuart |
| 245 00 - TITLE STATEMENT | |
| Title | All pain, no gain |
| 260 ## - PUBLICATION, DISTRIBUTION, ETC. | |
| Date of publication, distribution, etc. | 2008 |
| 490 #0 - SERIES STATEMENT | |
| Series statement | Property Week |
| Volume/sequential designation | 73(8) 22 February 2008, 63-64(2) |
| 520 ## - SUMMARY, ETC. | |
| Summary, etc. | Reports on how industrial development has been affected by the credit crunch. Reports that the investment market has been badly affected, but that occupier demand is still high. Finds that oversupply is common in the sheds market. Tables show: industrial market total returns; prime yields by region comparing 2007 with 2006; total industrial and warehouse available floorspace to December 2007; total industrial availability by region to December 2007; prime rents for key industrial locations; supply and take up of sheds 100,000 square feet and over; take up of new distribution floorspace; new speculative distribution space. |
| 590 ## - LOCAL NOTE (RLIN) | |
| Local note | KA |
| 651 #4 - SUBJECT ADDED ENTRY--GEOGRAPHIC NAME | |
| Geographic name | United Kingdom |
| Chronological subdivision | |
| 690 ## - LOCAL SUBJECT ADDED ENTRY--TOPICAL TERM (OCLC, RLIN) | |
| Topical term or geographic name as entry element | PROPERTY-COMMERCIAL PROPERTY-COMMERCIAL PROPERTY MARKET |
| 942 ## - ADDED ENTRY ELEMENTS (KOHA) | |
| Suppress in OPAC | 0 |
| Withdrawn status | Lost status | Source of classification or shelving scheme | Damaged status | Not for loan | Home library | Current library | Shelving location | Date acquired | Total Checkouts | Full call number | Barcode | Date last seen | Copy number | Price effective from | Koha item type |
|---|---|---|---|---|---|---|---|---|---|---|---|---|---|---|---|
| Dewey Decimal Classification | London | London | Journal article | 27/02/2008 | L142667 | 142667-1001 | 06/08/2019 | 1 | 06/08/2019 | Journal article |